000 02522nam a22003617a 4500
003 DO-SdBNP
005 20240530073937.0
007 ta
008 210426e2020 dr ||||e |||| 001 e spa d
020 _a9789945610383
020 _a9789945610369 (obra completa).
040 _aDO-SdBNP
_bspa
_cBNPHU
041 _hspa
082 4 _aRD868.3
_bC352es
100 1 0 _aCastillo, Rafael Justino,
_d1861-1933
_931937
245 1 0 _aEscritos reunidos /
_cRafael J. Castillo ; Andrés Blanco Díaz , editor ; Milton Ray Guevara , prólogo
260 _aSanto Domingo :
_bTribunal Constitucional de la República Dominicana ,
_c2020
300 _a2v. ;
_c23 cm.
490 _aClásicos de derecho constitucional.
500 _aIncluye referencias bibliográficas y notas al pie de las páginas
505 0 _gv.1. Ensayos 1887-1907
_tPrólogo del Magistrado presidente Dr. Milton Ray Guevara --
_tCronología mínima--
_tLa abolición de la pena de muerte es una necesidad jurídica --
_tLa pena de muerte --
_tLa asociación --
_tEl primo Basilio --
_tAcerca de la alimentación y las razas por J: R. López --
_tPolítica Positiva --
_tReformas --
_tProyecto de Constitución.-
_tDe frente al sol --
_tLa concesión Clyde --
_tLa constitución que nos Rige. (notas críticas) --
_tEl convenio domínico-norteamericano --
_tPor el bién público --
_tLa constitución --
_tMemoria de la Suprema Corte de Justicia al servicio de Estado del ramo --
505 0 _gv.2. Ensayos, 1908-1932
_tPrólogo del Magistrado presidente Dr. Milton Ray Guevara --
_tAcerca de la Constitución --
_tEl patrio suelo --
_tLas enfernedades del medio. Necesidad de los partidos políticos --
_tLa nueva Constitución --
_tEdificando --
_tEl consejo de Secretarios de estado no es Poder Ejecutivo desde arriba --
_tAnálisi de la Constitución --
_tLa reformai --
_tLa reforma II --
_tEl problema de la actual situación financiera --
_tEl proyecto de reforma constitucional --
_tProyecto de código Civil dominicano --
_tMi contribución --
_tCódigo Nacional.
590 _aInventariado, 2020/MFF
600 1 4 _aCastillo, Rafael Justino,
_d1861-1933
_vColecciones de escritos
_978489
650 0 _aEnsayos dominicanos
_965
651 4 _aRepública Dominicana
_xLegislación
_910538
651 4 _aRepública Dominicana
_xHistoria
_9170
700 1 _aBlanco Díaz, Andrés
_eeditor
_9172
700 1 _aMilton Ray Guevara
_d1948-
_eprólogo
_978143
830 0 _nTribunal de derecho constitucional
_978480
910 _aValidado. Control de calidad MFF
942 _2ddc
_cLBS1
999 _c49781
_d49781